| 000 | 00932cab a22001935a 4500 | ||
|---|---|---|---|
| 001 | L137914 | ||
| 008 | 070508s2007 xxko f 000 0 eng d | ||
| 035 | _a(Sirsi) u137914 | ||
| 041 | 0 | _aeng | |
| 100 | 1 | _aPratt, Alexandra | |
| 245 | 0 | 0 | _aBig test for the south west |
| 260 | _c2007 | ||
| 490 |
_aRICS Business _vMay 2007, 18-22(4) |
||
| 520 | _aRegeneration article discusses the pattern of movement to the south west and its effect on the economy and property markets. Gives an overview of the housing market's problems. Prices are too high for local incomes. Some regeneration in the commercial market is noted. Finds that more holistic and sustainable development is needed. There are also too few surveyors in the region. Presents case studies of projects in Taunton, Camborne and Bristol. | ||
| 590 | _aKA | ||
| 651 | 4 |
_aSouth West (England) _y1994- |
|
| 690 | _aPROPERTY-PROPERTY MANAGEMENT-REGENERATION | ||
| 942 | _n0 | ||
| 999 |
_c78735 _d78735 |
||